Neighborhoods of Toronto on a Map - Statistics

General Stats
  • This quiz has been taken 88 times
  • The average score is 10 of 158
Answers on the Map
Answers color-coded by a green-red scale on the quiz's map according to % correct below.
 
Answer Stats
Answer % Correct
Old Toronto The Beaches
50%
Old Toronto University
50%
Old Toronto Annex
35%
Old Toronto Danforth
35%
North York Downsview
32%
Old Toronto Little Portugal
29%
Etobicoke Islington
26%
Old Toronto Moss Park
24%
Etobicoke New Toronto
24%
Old Toronto Regent Park
24%
York Weston
24%
Etobicoke Long Branch
21%
North York Black Creek
18%
York Mount Dennis
18%
Old Toronto Roncesvalles
18%
Old Toronto Church-Wellesley
15%
Old Toronto North St. James Town
15%
Old Toronto Trinity-Bellwoods
15%
Old Toronto Woodbine Corridor
15%
Old Toronto Yonge Eglinton
15%
Old Toronto Bay-Cloverhill
12%
North York Bayview Village
12%
Old Toronto Kensington-Chinatown
12%
Scarborough Milliken
12%
Scarborough Morningside
12%
Old Toronto South Parkdale
12%
Old Toronto South Riverdale
12%
Scarborough Steeles
12%
Old Toronto Cabbagetown-South St. James Town
9%
Old Toronto East End-Danforth
9%
Old Toronto Forest Hill North
9%
Old Toronto Forest Hill South
9%
Scarborough Guildwood
9%
Old Toronto High Park North
9%
Scarborough Ionview
9%
Scarborough Oakridge
9%
York Oakwood Village
9%
East York O'Connor-Parkview
9%
East York Old East York
9%
Old Toronto Rosedale-Moore Park
9%
East York Thorncliffe Park
9%
North York Willowdale West
9%
Old Toronto Wychwood
9%
Old Toronto Yonge-St. Clair
9%
Scarborough Agincourt North
6%
Etobicoke Alderwood
6%
North York Avondale
6%
Old Toronto Blake-Jones
6%
York Briar Hill-Belgravia
6%
York Caledonia-Fairbank
6%
Old Toronto Downtown Yonge East
6%
Scarborough Eglinton East
6%
North York Flemingdon Park
6%
Old Toronto Greenwood-Coxwell
6%
Old Toronto High Park-Swansea
6%
Scarborough Kennedy Park
6%
Old Toronto Lawrence Park North
6%
Old Toronto Lawrence Park South
6%
Scarborough Malvern West
6%
Scarborough Morningside Heights
6%
North York Newtonbrook West
6%
Old Toronto North Riverdale
6%
Old Toronto North Toronto
6%
Old Toronto Playter Estates-Danforth
6%
North York Pleasant View
6%
Etobicoke Rexdale-Kipling
6%
Old Toronto St. Lawrence-East Bayfront-The Islands
6%
North York Victoria Village
6%
Old Toronto Wellington Place
6%
Scarborough West Hill
6%
Etobicoke West Humber-Clairville
6%
Old Toronto West Queen West
6%
Scarborough Wexford-Maryvale
6%
North York York University Heights
6%
Scarborough Agincourt South-Malvern West
3%
North York Bathurst Manor
3%
Scarborough Bendale-Glen Andrew
3%
Scarborough Bendale South
3%
East York Broadview North
3%
Old Toronto Casa Loma
3%
East York Danforth East York
3%
Old Toronto Dufferin Grove
3%
North York East Willowdale
3%
Scarborough Highland Creek
3%
Etobicoke Humber Bay Shores
3%
North York Humbermede
3%
North York Humber Summit
3%
Old Toronto Junction Area
3%
North York Lansing-Westgate
3%
East York Leaside-Bennington
3%
Scarborough Malvern East
3%
North York Maple Leaf
3%
Etobicoke Markland Wood
3%
Etobicoke Mimico Queensway
3%
Old Toronto Mount Pleasant East
3%
North York Newtonbrook East
3%
Old Toronto Palmerston-Little Italy
3%
Etobicoke Stonegate-Queensway
3%
Scarborough Tam O'Shanter-Sullivan
3%
East York Taylor-Massey
3%
Old Toronto Weston-Pelham Park
3%
East York Woodbine-Lumsden
3%
Old Toronto Yonge-Bay Corridor
3%
North York Yonge-Doris
3%
North York Yorkdale-Glen Park
3%
North York Banbury-Don Mills
0%
North York Bayview Woods-Steeles
0%
North York Bedford Park-Nortown
0%
York Beechborough-Greenbrook
0%
Scarborough Birchcliffe-Cliffside
0%
North York Bridle Park-Sunnybrook-York Mills
0%
North York Brookhaven-Amesbury
0%
Scarborough Centennial Scarborough
0%
Scarborough Clairlea-Birchmount
0%
North York Clanton Park
0%
Scarborough Cliffcrest
0%
Old Toronto Corso Italia-Davenport
0%
North York Don Valley Village
0%
Scarborough Dorset Park
0%
Old Toronto Dovercourt Village
0%
Scarborough East L'Amoreaux
0%
Etobicoke Edenbridge-Humber Valley
0%
Etobicoke Elms-Old Rexdale
0%
North York Englemount-Lawrence
0%
Etobicoke Eringate-Centennial-West Deane
0%
Etobicoke Etobicoke City Centre
0%
Etobicoke Etobicoke West Mall
0%
North York Fenside-Parkwoods
0%
Old Toronto Fort York-Liberty Village
0%
North York Glenfield-Jane Heights
0%
Scarborough Golfdale-Cedarbrae-Woburn
0%
Old Toronto Harbourfront-CityPlace
0%
North York Henry Farm
0%
North York Hillcrest Village
0%
Etobicoke Humber Heights-Westmount
0%
York Humewood-Cedarvale
0%
Old Toronto Junction-Wallace Emerson
0%
York Keelesdale-Eglinton West
0%
Etobicoke Kingsview Village-The Westway
0%
Etobicoke Kingsway South
0%
York Lambton Baby Point
0%
Scarborough L'Amoreaux West
0%
Etobicoke Mount Olive-Silverstone-Jamestown
0%
North York Oakdale-Beverley Heights
0%
North York Parkwoods-O'Connor Hills
0%
North York Pelmo Park-Humberlea
0%
Etobicoke Princess-Rosethorn
0%
York Rockcliffe-Smythe
0%
Old Toronto Runnymede-Bloor West Village
0%
North York Rustic
0%
Scarborough Scarborough Village
0%
Old Toronto South Eglinton-Davisville
0%
North York St. Andrews-Windfields
0%
Etobicoke Thistletown-Beaumond Heights
0%
North York Westminster-Branson
0%
Scarborough West Rouge
0%
Etobicoke Willowridge-Martingrove-Richview
0%
Scarborough Woburn North
0%
No matching quizzes found
Score Distribution
Percent of People with Each Score
Percentile by Number Answered
Your Score History
You have not taken this quiz